00505nam a2200193 a 4500001001300000003000900013005001700022008004100039020001200080082001600092100002000108245005300128260003300181300000900214500003500223505001000258650002300268700002000291nice12345678IN_TiNIC20260116011459.0050524s1962 oxfa grs 000 0 elg  ac46.6200a181.07bWAL aWalzer, Richard aGreek into Arabicb Essays on Islamic Philosophy aOxfordbBruno Cassirerc1962 a256p aincludes index and biblioraphy2 aIndex aPhilosophy-Islamic1 aWalzer, Richard